Sherlock Holmes - Statistics

General Stats
  • This quiz has been taken 248 times
  • The average score is 9 of 15
Answer Stats
Hint Answer % Correct
What is the name of Sherlock's brother? Mycroft
96%
In which London street do Holmes and Watson live? {Baker} Street
91%
Who does Holmes recall as 'the woman' from A Scandal in Bohemia? Irene Adler
82%
What is the name of Holmes and Watson's landlady? Mrs {Hudson}
82%
Which nemesis does Holmes describe as "The Napoleon of Crime"? Professor James Moriarty
82%
Which woman does Watson marry after meeting her in The Sign of Four? Mary Morstan
76%
What rank is held by police officer G. Lestrade? Inspector
68%
What was the name of the first Sherlock Holmes story, published in 1887? A Study in Scarlet
66%
What type of animal is Silver Blaze, in the story of the same name? Horse
57%
Over which falls does Holmes tumble in The Final Problem? {Reichenbach} Falls
55%
What is Watson's middle name? Hamish
53%
What is Holmes' hobby in his retirement? Beekeeping
40%
Which old friend of Watson introduces him to Holmes? Stamford
31%
Which county does Holmes travel to in The Hound of the Baskervilles? Devon
29%
Which boy leads The Baker Street Irregulars? Wiggins
24%
No matching quizzes found
Score Distribution
Percent of People with Each Score
Percentile by Number Answered
Your Score History
You have not taken this quiz